000 00533nam a2200181Ia 4500
005 20250326141406.0
008 250326s9999 xx 000 0 und d
037 _aTextbook
040 _aFMSL
_beng
_cFMSL
041 _aeng
_2eng
084 _aX:51.1 M2
_qFMSL
100 _aMajaro Simon
245 0 _aInternational marketing ; A strategic approach to world markets
_cMajaro Simon
260 _aLondon
_bLondon, George allan & unwin
_c1982
300 _a307p
942 _cTB
_hX:51.1 M2
999 _c1290090
_d1290090